[Event "Alicante"]
[Site "Alicante"]
[Date "1978.??.??"]
[Round "7"]
[White "Ochoa de Echaguen, F Javier"]
[Black "Rohde, Michael A"]
[Result "1-0"]
[WhiteElo "2345"]
[BlackElo "2425"]

1.e4 Nf6 2.Nc3 e5 3.Nf3 Nc6 4.d4 exd4 5.Nd5 Nb4 6.Nxd4 Nxe4 7.Nb5 Nxd5 8.Qxd5 Nc5
9.Be3 Ne6 10.O-O-O Be7 11.Nd4 O-O 12.Nf5 Bg5 13.h4 Bxe3+ 14.Nxe3 d6 15.g4 Qf6
16.Qd2 Qf4 17.Rg1 Nc5 18.Nd5 Qa4 19.Nc3 Qa5 20.f4 b5 21.Bxb5 Be6 22.a3 f5
23.gxf5 Rxf5 24.Qg2 g6 25.Qxa8+ Kg7 26.Bd3 Rxf4 27.Rgf1 Nxd3+ 28.cxd3 Qe5
29.Rxf4 Qxf4+ 30.Kb1  1-0

[Event "Alicante"]
[Site "Alicante"]
[Date "1978.??.??"]
[Round "9"]
[White "Damjanovic, Mato"]
[Black "Rohde, Michael A"]
[Result "1/2-1/2"]
[WhiteElo "2455"]
[BlackElo "2425"]

1.e4 g6 2.d4 Bg7 3.Nf3 d6 4.Be2 Nf6 5.Nc3 O-O 6.O-O c6 7.a4 a5 8.Be3 Qc7
9.h3 e5 10.dxe5 dxe5 11.Qc1 Na6 12.Nd2 Nd7 13.Bxa6 Rxa6 14.Nc4 b5 15.axb5 cxb5
16.Na3 b4 17.Nd5 Qb7 18.Nc4 a4 19.Bd2 Nc5 20.Nxb4 Qxe4 21.Ne3 Rd6 22.Re1 Qb7
23.Nc4 Rd4 24.Na5 Qb5 25.Nbc6 Re4 26.Rxe4 Nxe4 27.c4 Qb6 28.Be3 Qc7 29.Rxa4 f5
30.Qd1 Kh8 31.Rb4 f4 32.Bb6 Qf7 33.Qd5 Qxd5 34.cxd5 Nf6 35.Bc5 Re8 36.Ne7 Bf8
37.d6 Nd7 38.Rc4 Ba6 39.Rc3 Bxe7 40.dxe7 Nxc5 41.Rxc5 Rxe7 42.Nc6 Rb7 43.Ra5 Be2
44.Nxe5 Rxb2 45.Ra7 Rb6 46.h4 h6 47.f3 Kg8 48.Nf7 Kg7 49.Ng5+ Kg8 50.Nh3 Rb4
51.Rd7 Ra4 52.Rd2 Bb5 53.Nf2 Kg7 54.Rb2 Ba6 55.Rb6 Bc8 56.Ne4 Ra6 57.Rb4 Rc6
58.Rb5 Rc7 59.Nc5 Bf5 60.Nb3 Kf6  1/2-1/2

[Event "Alicante"]
[Site "Alicante"]
[Date "1978.??.??"]
[Round "10"]
[White "Rohde, Michael A"]
[Black "Verdu, Miguel J"]
[Result "1-0"]
[WhiteElo "2425"]
[BlackElo "2200"]

1.e4 c5 2.Nf3 e6 3.d4 cxd4 4.Nxd4 a6 5.Bd3 Nf6 6.O-O d6 7.f4 g6 8.f5 e5 9.Ne2 gxf5
10.exf5 d5 11.Ng3 Be7 12.Nd2 h5 13.c4 h4 14.Ne2 e4 15.Bb1 Bc5+ 16.Kh1 Ng4
17.cxd5 h3 18.g3 e3 19.Ne4 Nf2+ 20.Rxf2 exf2 21.Nxc5 Qxd5+ 22.Qxd5 f1=Q+
23.Ng1 Qxc1 24.Qe5+ Kd8 25.Qxh8+ Kc7 26.Qe5+ Kd8 27.Nb3  1-0

[Event "Alicante"]
[Site "Alicante"]
[Date "1978.??.??"]
[Round "12"]
[White "Rohde, Michael A"]
[Black "Fernandez, A."]
[Result "1-0"]
[WhiteElo "2425"]
[BlackElo "2310"]

1.e4 Nf6 2.e5 Nd5 3.d4 d6 4.Nf3 Bg4 5.Be2 e6 6.O-O Be7 7.c4 Nb6 8.Be3 O-O
9.Nc3 dxe5 10.Nxe5 Bxe2 11.Qxe2 N8d7 12.Rad1 c6 13.Ne4 Nc8 14.Rd3 Nf6 15.Nc5 Nd6
16.Bg5 Rc8 17.Rh3 Re8 18.Bxf6 Bxf6 19.Qh5 Rc7 20.Qxh7+ Kf8 21.Rf3 Nf5 22.Ne4 Ke7
23.Qh5 g6 24.Qg4 Bg7 25.Ng5 Kf8 26.h4 Qxd4 27.Qxd4 Nxd4 28.Rxf7+ Rxf7 29.Nexf7 Nf5
30.g4 Nxh4 31.Nd6 Re7 32.b3 Bd4 33.Nde4 Re8 34.Rd1 e5 35.Rd3 Ke7 36.Rh3 Rh8
37.Kh2 a5 38.Kg3 Nf5+ 39.gxf5 Rxh3+ 40.Nxh3 gxf5 41.Nd2 b5 42.Kf3  1-0

[Event "Alicante"]
[Site "Alicante"]
[Date "1978.??.??"]
[Round "13"]
[White "Medina Garcia, Antonio Angel"]
[Black "Rohde, Michael A"]
[Result "1-0"]
[WhiteElo "2425"]
[BlackElo "2425"]

1.e4 g6 2.Nc3 Bg7 3.g3 d6 4.Bg2 Nf6 5.d3 O-O 6.f4 c6 7.Nf3 b5 8.Qe2 Qc7 9.O-O Bg4
10.h3 Bxf3 11.Qxf3 b4 12.Ne2 Nbd7 13.g4 a5 14.Ng3 a4 15.Rb1 b3 16.axb3 axb3
17.c3 Nb6 18.Qd1 Na4 19.Qxb3 Nc5 20.Qc2 Qb6 21.Be3 Qb3 22.Qd2 Ra2 23.Ne2 Qb5
24.c4 Qb8 25.Nc3 Nb3 26.Qe2 Ra6 27.d4 Nd7 28.Rfd1 Qb4 29.e5 Nb8 30.Bf1 c5
31.Nd5 Qb7 32.Bg2 Nc6 33.dxc5 dxe5 34.fxe5 Bxe5 35.Nb6 Bc7 36.Rd7  1-0

[Event "Lone Pine op"]
[Site "Lone Pine"]
[Date "1978.??.??"]
[Round "2"]
[White "Whitehead, Jay E"]
[Black "Rohde, Michael A"]
[Result "0-1"]
[WhiteElo "2245"]
[BlackElo "2425"]

1.e4 e6 2.Nf3 d5 3.e5 c5 4.b4 cxb4 5.a3 d4 6.Bd3 Nc6 7.O-O Nh6 8.Qe2 Be7
9.Bb2 f5 10.exf6 Bxf6 11.axb4 Nxb4 12.Bb5+ Nc6 13.Qe4 Nf5 14.Bxc6+ bxc6 15.Qxc6+ Bd7
16.Qe4 O-O 17.Na3 Qe8 18.Nxd4 Bxd4 19.Bxd4 Bc6 20.Qe5 Rd8 21.Bc3 Rd5 22.Qe2 Qg6
23.f3 Nh4 24.Rae1 Rg5 25.Qxe6+ Qxe6 26.Rxe6 Rxg2+ 27.Kh1 Rxf3 28.Rxf3 Bxf3
29.Re3 Rg6+  0-1

[Event "Lone Pine op"]
[Site "Lone Pine"]
[Date "1978.??.??"]
[Round "3"]
[White "Rohde, Michael A"]
[Black "Lein, Anatoly"]
[Result "0-1"]
[WhiteElo "2425"]
[BlackElo "2525"]

1.e4 e6 2.d4 d5 3.Nc3 Bb4 4.e5 c5 5.a3 Bxc3+ 6.bxc3 Ne7 7.Nf3 Nbc6 8.Be2 Qc7
9.O-O Bd7 10.a4 b6 11.Ba3 Na5 12.Ng5 h6 13.Nh3 O-O 14.Re1 Bxa4 15.Nf4 Qc6
16.Nh5 Ng6 17.Bd3 Bb5 18.dxc5 Bxd3 19.cxd3 Rfc8 20.Re3 d4 21.Rh3 dxc3 22.cxb6 c2
23.Nf6+ gxf6 24.Qc1 Nb3 25.Qxh6 c1=Q+ 26.Rxc1 Qxc1+ 27.Bxc1 Rxc1+ 28.Qxc1 Nxc1  0-1

[Event "Lone Pine op"]
[Site "Lone Pine"]
[Date "1978.??.??"]
[Round "4"]
[White "Morris, Walter D"]
[Black "Rohde, Michael A"]
[Result "1/2-1/2"]
[WhiteElo "2325"]
[BlackElo "2425"]

1.e4 c5 2.Nf3 Nc6 3.d4 cxd4 4.Nxd4 Nf6 5.Nc3 e5 6.Ndb5 d6 7.Bg5 a6 8.Na3 b5
9.Nd5 Be7 10.Bxf6 Bxf6 11.c3 Bg5 12.Nc2 Rb8 13.Be2 O-O 14.O-O g6 15.Qd3 f5
16.Bf3 Be6 17.Rfd1 Qd7 18.Ncb4 Nxb4 19.Nxb4 Rbd8 20.Nd5 Rf7  1/2-1/2

[Event "Lone Pine op"]
[Site "Lone Pine"]
[Date "1978.??.??"]
[Round "5"]
[White "Rohde, Michael A"]
[Black "Panno, Oscar"]
[Result "1/2-1/2"]
[WhiteElo "2425"]
[BlackElo "2580"]

1.e4 e5 2.Nf3 Nc6 3.Bb5 a6 4.Ba4 Nf6 5.O-O Be7 6.Re1 b5 7.Bb3 d6 8.c3 O-O
9.h3 Nb8 10.d4 Nbd7 11.Nbd2 Bb7 12.a4 c5 13.Bc2 Re8 14.b3 Bf8 15.d5 Nb6 16.axb5 axb5
17.Rxa8 Nxa8 18.Bd3  1/2-1/2

[Event "Lone Pine op"]
[Site "Lone Pine"]
[Date "1978.??.??"]
[Round "6"]
[White "Donaldson, John W"]
[Black "Rohde, Michael A"]
[Result "1/2-1/2"]
[WhiteElo "2275"]
[BlackElo "2425"]

1.e4 d6 2.d4 Nf6 3.Nc3 g6 4.Nf3 Bg7 5.Be2 O-O 6.O-O c6 7.a4 a5 8.h3 Na6 9.Be3 Qc7
10.Qd2 e5 11.Rad1 Re8 12.Rfe1 Nb4 13.Bf1 Bd7 14.g3 Rad8 15.Bg2 Be6 16.Qc1 Bc4
17.Rd2 exd4 18.Nxd4 d5 19.Bf4 Qb6 20.e5 Nh5 21.Bg5 Rxe5 22.Rxe5 Bxe5 23.Bxd8 Qxd8
24.Nf3 Bg7 25.Bf1 Qf6 26.Bxc4 Qxf3 27.Be2 Qf5 28.Bg4 Qg5  1/2-1/2

[Event "Lone Pine op"]
[Site "Lone Pine"]
[Date "1978.??.??"]
[Round "7"]
[White "Tarjan, James Edward"]
[Black "Rohde, Michael A"]
[Result "1-0"]
[WhiteElo "2510"]
[BlackElo "2425"]

1.d4 Nf6 2.c4 c5 3.d5 e6 4.Nc3 exd5 5.cxd5 d6 6.Nf3 g6 7.e4 a6 8.a4 Bg7 9.Nd2 Nbd7
10.Nc4 Nb6 11.Ne3 Bd7 12.Bd3 O-O 13.O-O Re8 14.a5 Nc8 15.Nc4 Bb5 16.Re1 Nd7
17.Qc2 Qh4 18.Be3 Ne5 19.Nxb5 Nxd3 20.Nc7 Nxe1 21.Rxe1 Rxe4 22.Nd2 Rg4 23.Nxa8 Ne7
24.Nb6 Qh3 25.g3 Nf5 26.Qd3 Bxb2 27.Qf1 Qh5 28.Nbc4 Bc3 29.h3 Nxg3 30.fxg3 Rxg3+
31.Kh2 Qh4 32.Re2 Bd4 33.Nf3  1-0

[Event "Lone Pine op"]
[Site "Lone Pine"]
[Date "1978.??.??"]
[Round "9"]
[White "Meyer, E."]
[Black "Rohde, Michael A"]
[Result "1-0"]
[WhiteElo "2350"]
[BlackElo "2425"]

1.Nf3 g6 2.c4 Bg7 3.Nc3 d6 4.g3 Nf6 5.d4 O-O 6.Bg2 Nbd7 7.O-O e5 8.e4 Re8
9.h3 c6 10.Be3 a5 11.Qc2 exd4 12.Nxd4 Nc5 13.Rad1 Qc7 14.Rfe1 Be6 15.b3 Rad8
16.a3 h6 17.f4 Bc8 18.b4 Ne6 19.Nf3 Nf8 20.Nd4 Kh7 21.Kh2 Ne6 22.Na4 Nd7
23.Re2 Ndf8 24.Nxe6 Bxe6 25.Bb6 Qc8 26.Bxa5 b5 27.Bxd8 Rxd8 28.cxb5 cxb5
29.Qxc8 Rxc8 30.Nb6  1-0

[Event "Marshall op"]
[Site "New York"]
[Date "1979.??.??"]
[Round "1"]
[White "Rohde, Michael A"]
[Black "Goodman, David SC"]
[Result "1-0"]
[WhiteElo "2405"]
[BlackElo "2340"]

1.e4 g6 2.d4 d6 3.Nc3 Bg7 4.Bg5 a6 5.Qd2 Nc6 6.Nf3 h6 7.Be3 e5 8.Bc4 Bg4
9.d5 Nce7 10.h3 Bd7 11.g4 Nf6 12.O-O-O h5 13.g5 Nh7 14.Nh4 b5 15.Bd3 Qc8
16.f4 exf4 17.Bxf4 Bxh3 18.Rde1 Qg4 19.Nd1 Qxh4 20.Nf2 Be5 21.Bxe5 dxe5 22.Nxh3 O-O
23.Reg1 Rae8 24.Qc3 f5 25.gxf6 Qxf6 26.Qxc7 Rc8 27.Qa7 Qd6 28.Ng5 Nxg5 29.Rxg5 Kh7
30.Qg1 Rf6 31.Qg3 Ng8 32.Rxe5 Nh6 33.Rg5 Qxg3 34.Rxg3 Re8 35.a4 Re5 36.axb5 axb5
37.Bxb5 Rxe4 38.Rxh5 Re1+ 39.Kd2 Rb1 40.Bd3  1-0

[Event "Marshall op"]
[Site "New York"]
[Date "1979.??.??"]
[Round "2"]
[White "Popovych, Orest"]
[Black "Rohde, Michael A"]
[Result "0-1"]
[WhiteElo "2365"]
[BlackElo "2405"]

1.e4 e5 2.f4 exf4 3.Nf3 d6 4.d4 g5 5.h4 g4 6.Ng1 Bh6 7.Nc3 Nc6 8.Qd3 Bd7
9.Nd5 Nf6 10.Ne2 Nxd5 11.exd5 Ne7 12.Bxf4 Bg7 13.c4 O-O 14.h5 b5 15.b3 bxc4
16.bxc4 c6 17.Bxd6 cxd5 18.c5 Re8 19.h6 Bf6 20.Rh5 Nc6 21.O-O-O Qa5 22.a3 Rxe2
23.Bxe2 Nxd4 24.Bf1 Qa4 25.Be5 Nb3+ 26.Kb2 Nxc5 27.Qd2 Rb8+  0-1

[Event "Marshall op"]
[Site "New York"]
[Date "1979.??.??"]
[Round "3"]
[White "Adam, W."]
[Black "Rohde, Michael A"]
[Result "0-1"]
[WhiteElo "2200"]
[BlackElo "2405"]

1.c4 e5 2.Nc3 Nf6 3.Nf3 Nc6 4.g3 Bb4 5.Bg2 O-O 6.O-O e4 7.Ng5 Bxc3 8.bxc3 Re8
9.d3 exd3 10.exd3 d6 11.Ne4 Nxe4 12.Bxe4 Ne5 13.Be3 Bg4 14.f3 Bh3 15.Re1 c6
16.d4 Nxc4 17.Bxh7+ Kh8 18.Bf2 Rxe1+ 19.Bxe1 g6 20.Bxg6 fxg6 21.g4 Qg5 22.Qe2 Rf8
23.Bf2 Qf4 24.d5 Qxf3 25.Bd4+ Ne5 26.Bxe5+ dxe5 27.Qxe5+ Kh7 28.Qe7+ Rf7
29.Qh4+ Kg7  0-1

[Event "Marshall op"]
[Site "New York"]
[Date "1979.??.??"]
[Round "4"]
[White "Rohde, Michael A"]
[Black "Shamkovich, Leonid"]
[Result "1/2-1/2"]
[WhiteElo "2405"]
[BlackElo "2495"]

1.e4 c6 2.Nc3 d5 3.Nf3 Bg4 4.h3 Bxf3 5.Qxf3 e6 6.d4 dxe4 7.Nxe4 Nd7 8.Bf4 Ndf6
9.Nc3 Ne7 10.O-O-O Ned5 11.Nxd5 Qxd5 12.Qxd5 Nxd5 13.Be5 O-O-O 14.c4 Nf6
15.Bf4 Bd6 16.Be3 Bc7 17.g4 Rd7 18.Bg2 Rhd8 19.Rd3 Bb6 20.Rhd1 e5 21.g5 Bxd4
22.Bxd4 Ne8 23.Bxe5 Rxd3 24.Rxd3 Rxd3 25.Be4 Rd7 26.Bf5 Kd8 27.Bxd7 Kxd7
28.Kd2 Ke6 29.f4 f6 30.gxf6 Nxf6 31.Ke3 g6 32.Bb8  1/2-1/2

[Event "Marshall op"]
[Site "New York"]
[Date "1979.??.??"]
[Round "6"]
[White "Boskovic, Milorad"]
[Black "Rohde, Michael A"]
[Result "0-1"]
[WhiteElo "2255"]
[BlackElo "2405"]

1.e4 c6 2.d4 d5 3.Nc3 dxe4 4.Nxe4 Nf6 5.Nxf6+ gxf6 6.Ne2 Bf5 7.Ng3 Bg6 8.h4 h5
9.Be2 Nd7 10.c3 Qa5 11.b4 Qc7 12.Nxh5 Bxh5 13.Bxh5 a5 14.Bg4 axb4 15.cxb4 f5
16.Be2 Qd6 17.Qb3 Nb6 18.Bb2 Na4 19.Rd1 Nxb2 20.Qxb2 Bg7 21.a3 Rd8 22.Qc2 e6
23.Rh3 Bxd4 24.h5 Qf4 25.Bf3 e5 26.Rd2 e4 27.Bd1 Rg8 28.g3 Qe5 29.Re2 Bc3+
30.Kf1 Qd4 31.Re1 Bxe1 32.Kxe1 f4 33.Rh4 Rxg3 34.fxg3 Qg1+ 35.Ke2 f3+  0-1

[Event "Marshall op"]
[Site "New York"]
[Date "1979.??.??"]
[Round "7"]
[White "Rohde, Michael A"]
[Black "Valvo, Michael J"]
[Result "1-0"]
[WhiteElo "2405"]
[BlackElo "2460"]

1.e4 Nf6 2.e5 Nd5 3.d4 d6 4.c4 Nb6 5.f4 Bf5 6.Nf3 e6 7.Nc3 Be7 8.Bd3 Bg4
9.O-O dxe5 10.dxe5 Nc6 11.h3 Bf5 12.Bxf5 exf5 13.b3 Bc5+ 14.Kh1 Qxd1 15.Rxd1 O-O
16.Bb2 Nd8 17.Nd5 Ne6 18.g3 Rfd8 19.Bc3 c6 20.Nb4 a5 21.Nd3 Be3 22.Kg2 Nd7
23.Nb2 Ndc5 24.Rxd8+ Rxd8 25.Re1 Bd4 26.Nxd4 Nxd4 27.Rd1 Nce6 28.c5 Rd5 29.Na4 Ne2
30.Rxd5 cxd5 31.Bxa5 Nc1 32.b4 Nxa2 33.b5 d4 34.c6 bxc6 35.b6 Nd8 36.Nc5 Nc3
37.b7 Nxb7 38.Nxb7 Nd5 39.Kf3 Kf8 40.Nc5 Ke7 41.Nb3 d3 42.Nd4 g6 43.Nxc6+ Kd7
44.Nb8+ Ke7 45.Na6 f6 46.Nc5 fxe5 47.fxe5 g5 48.Bd2 h6 49.h4 g4+ 50.Kf2 f4
51.gxf4 Kf7 52.Nxd3 Kg6 53.h5+ Kf5 54.Kg3 Nc7 55.Nf2 Ne6 56.Nxg4  1-0

[Event "New York op"]
[Site "New York"]
[Date "1984.??.??"]
[Round "1"]
[White "Browne, Walter S"]
[Black "Rohde, Michael A"]
[Result "1/2-1/2"]
[WhiteElo "2585"]
[BlackElo "2440"]

1.d4 g6 2.e4 Bg7 3.Nf3 d6 4.Nc3 c6 5.a4 a5 6.Bc4 Nf6 7.e5 dxe5 8.Nxe5 O-O
9.O-O Nbd7 10.Bg5 Nb6 11.Bb3 Nbd5 12.Qf3 Be6 13.Rad1 Nc7 14.Bxe6 Nxe6 15.Be3 Qc7
16.Rfe1 Rad8 17.Qh3 Nd5 18.Bh6 Qc8 19.Nxd5 Rxd5 20.c3 Bxh6 21.Qxh6 Ng7 22.Qf4 Nf5
23.Nc4 Qd8 24.Qf3 Qc7 25.Ne5 e6 26.Ng4 Kg7 27.c4 Rd6 28.Qc3 f6 29.c5 Rd7
30.Ne3 Qf4 31.g3 Qf3 32.Nc4 Qg4 33.f3 Qh3 34.Nb6 Re7 35.Re4 Rd8 36.Qc2  1/2-1/2

[Event "New York op"]
[Site "New York"]
[Date "1984.??.??"]
[Round "2"]
[White "Rohde, Michael A"]
[Black "Spraggett, Kevin"]
[Result "0-1"]
[WhiteElo "2440"]
[BlackElo "2540"]

1.d4 Nf6 2.c4 g6 3.Nc3 Bg7 4.Nf3 O-O 5.Bg5 d6 6.e3 h6 7.Bh4 c5 8.Be2 g5 9.Bg3 Nh5
10.d5 f5 11.Nd2 Nxg3 12.hxg3 Nd7 13.Qc2 Nf6 14.Bd3 Ng4 15.e4 Nxf2 16.Rf1 Ng4
17.Ke2 Bd4 18.Rf3 f4 19.gxf4 Rxf4 20.Rxf4 gxf4 21.Rh1 Ne3 22.Qc1 Qd7  0-1

[Event "New York op"]
[Site "New York"]
[Date "1984.??.??"]
[Round "4"]
[White "Rohde, Michael A"]
[Black "Trosclair, Wayne"]
[Result "1-0"]
[WhiteElo "2440"]
[BlackElo "2200"]

1.d4 Nf6 2.c4 c5 3.d5 e5 4.Nc3 d6 5.e4 Be7 6.Nf3 O-O 7.Be2 Nbd7 8.Qc2 Ne8
9.Be3 g6 10.g4 Ng7 11.O-O-O a6 12.Rdg1 Nf6 13.Ne1 Kh8 14.f4 exf4 15.Bxf4 b5
16.h4 h5 17.gxh5 Nfxh5 18.Bh6 Rg8 19.Nd3 Bf6 20.Nf4 Nxf4 21.Bxf4 Nh5 22.Bg5 Rg7
23.Qd1 Rh7 24.e5 Bxg5+ 25.hxg5 Bf5 26.Bxh5 b4 27.Nb1 gxh5 28.Rxh5 Qg8 29.Nd2 dxe5
30.Rgh1 Bg6 31.Rxh7+ Bxh7 32.Qh5 Qg7 33.Ne4 Qg6 34.Qxg6 fxg6 35.Nf6  1-0

[Event "New York op"]
[Site "New York"]
[Date "1984.??.??"]
[Round "6"]
[White "Rohde, Michael A"]
[Black "Yoffie, Marc"]
[Result "1-0"]
[WhiteElo "2440"]
[BlackElo "2355"]

1.d4 e6 2.e4 d5 3.Nc3 Bb4 4.e5 c5 5.a3 Ba5 6.b4 cxd4 7.bxa5 dxc3 8.Qg4 Ne7
9.Qxg7 Rg8 10.Qxh7 Nbc6 11.Nf3 Qxa5 12.Rb1 Qc7 13.Bb5 Bd7 14.O-O O-O-O 15.Re1 Nf5
16.Bg5 Nce7 17.Bxe7 Nxe7 18.Qxf7 Nf5 19.Bxd7+ Qxd7 20.Qxd7+ Rxd7 21.h3 Rc7
22.g4 Kd7 23.Rb4 Ne7 24.Rf4 Nc6 25.Re3 Nd8 26.h4 Ke7 27.h5 Rf8 28.Ra4 b6
29.Nh4 Kf7 30.Ng6 Re8 31.f4 a5 32.f5 Rc5 33.h6 Kg8 34.f6 Kh7 35.Ne7 Nf7 36.g5 Nh8
37.g6+ Nxg6 38.Nxg6 Rg8 39.Rg4 Rxg6 40.Rxg6 Kxg6 41.Rg3+ Kh7 42.f7 Rc8 43.Rg7+ Kh8
44.Kf2 b5 45.Kf3 b4 46.Kg4  1-0

[Event "New York op"]
[Site "New York"]
[Date "1984.??.??"]
[Round "7"]
[White "Abreu, Jorge D"]
[Black "Rohde, Michael A"]
[Result "1/2-1/2"]
[WhiteElo "2385"]
[BlackElo "2440"]

1.e4 c5 2.Nf3 d6 3.d4 cxd4 4.Nxd4 Nf6 5.Nc3 a6 6.f4 Qc7 7.Be2 g6 8.O-O Bg7
9.Kh1 Nbd7 10.Bf3 O-O 11.Nd5 Nxd5 12.exd5 Nb6 13.Re1 Qc4 14.Nb3 Bf5 15.c3 Qd3
16.g4 Qxd1 17.Rxd1 Bd7 18.Re1 Rfe8 19.Be3 Nc4 20.Re2 Nxe3 21.Rxe3 Rac8 22.Kg2 Rc4
23.Kg3 b5 24.a3 e5 25.dxe6 fxe6 26.Rd1 e5 27.Bd5+ Be6 28.Bxc4 bxc4 29.Na5 exf4+
30.Kxf4 Be5+ 31.Kf3 Rf8+ 32.Kg2 Bxg4 33.Rf1 Rc8 34.h3 Be6 35.Rd1 Rc5 36.Rxd6 Bxd6
37.Rxe6 Bc7 38.Nc6 Kf8 39.Nd4 Be5 40.Nf3 Bg7 41.Rxa6 Rb5 42.Ra8+ Kf7 43.Ra7+ Kf8
44.Ra8+ Kf7 45.Ra7+ Kg8  1/2-1/2

[Event "New York op"]
[Site "New York"]
[Date "1984.??.??"]
[Round "8"]
[White "Rohde, Michael A"]
[Black "Savage, Allan G"]
[Result "1/2-1/2"]
[WhiteElo "2440"]
[BlackElo "2290"]

1.d4 f5 2.Bg5 g6 3.Nc3 Bg7 4.e4 fxe4 5.Nxe4 d5 6.Ng3 Nf6 7.h4 Nc6 8.h5 Ne4
9.Nxe4 dxe4 10.c3 Qd5 11.Be3 e5 12.dxe5 Qxd1+ 13.Rxd1 Nxe5 14.Nh3 Bf5 15.Nf4 Kf7
16.Bd4 c6 17.Be2 Rae8 18.Kf1 b6 19.a4 Rd8 20.h6 Bf6 21.Rg1 Nd3 22.Bxd3 exd3
23.Bxf6 Kxf6 24.g4 Be4 25.Rg3 d2 26.Ke2 Rhe8 27.Re3 Bc2 28.Rxd2 Rxe3+ 29.Kxe3 Rxd2
30.Kxd2 Bxa4 31.Nh3 g5 32.Ke3 Bd1 33.f4 Bxg4 34.Nxg5 Kg6 35.Ne4 Kxh6 36.Nd6 Kg6
37.Ke4 Kf6 38.f5 h5 39.Kf4 Bd1 40.Nc8 Bc2 41.Nxa7 Bxf5 42.Nxc6 h4 43.b4 Bd7
44.Nb8 Be6 45.c4 h3 46.Kg3 Ke5 47.c5 b5 48.Na6 Kd4 49.Nc7 Bd7  1/2-1/2

[Event "New York op"]
[Site "New York"]
[Date "1984.??.??"]
[Round "9"]
[White "Alburt, Lev O"]
[Black "Rohde, Michael A"]
[Result "1-0"]
[WhiteElo "2515"]
[BlackElo "2440"]

1.d4 g6 2.c4 Bg7 3.Nc3 d6 4.e4 c6 5.Be2 Qb6 6.Nf3 Bg4 7.d5 Nf6 8.O-O O-O
9.h3 Bxf3 10.Bxf3 Nbd7 11.Rb1 Rfc8 12.Be3 Qd8 13.Be2 Nc5 14.e5 Nfd7 15.exd6 exd6
16.dxc6 Rxc6 17.Bf3 Ra6 18.b4 Ne5 19.Bd5 Ra3 20.bxc5 Rxc3 21.Bxb7 Rb8 22.c6  1-0

[Event "Quebec op"]
[Site "Quebec"]
[Date "1984.??.??"]
[Round "?"]
[White "Spraggett, Kevin"]
[Black "Rohde, Michael A"]
[Result "1/2-1/2"]
[WhiteElo "2540"]
[BlackElo "2440"]

1.c4 g6 2.d4 Bg7 3.Nc3 d6 4.Nf3 Bg4 5.e3 c6 6.Be2 Nf6 7.h3 Bf5 8.g4 Bc8 9.g5 Nh5
10.Bd2 e5 11.dxe5 dxe5 12.Ne4 Bf5 13.Qc2 Na6 14.Bd3 O-O 15.Bc3 Bxe4 16.Bxe4 Nc5
17.Bb4 Qb6 18.Bxc5 Qxc5 19.O-O-O Rad8 20.Rxd8 Rxd8 21.Rd1 Rxd1+ 22.Kxd1 Qd6+
23.Ke2 Qe6 24.Qb3 h6 25.gxh6 Bxh6 26.Qxb7 Qxc4+ 27.Bd3 Qe6 28.Qb8+ Kh7 29.Qxe5 Qxh3
30.Qe7 Ng3+ 31.Kd1 Qh1+ 32.Ne1 Qh5+ 33.Kc1 Ne2+ 34.Kd2 Ng1 35.Bc4 Nf3+ 36.Nxf3 Qxf3
37.Qxf7+ Qxf7 38.Bxf7 Kg7 39.Be8 c5 40.Kd3 Bg5 41.Kc4 Bh4 42.f3 Bf2 43.e4 Kf6
44.Kd5 g5 45.Bd7 Ke7 46.Bh3 a5 47.b3 Be3 48.Bf1 Kd7 49.Bb5+ Ke7 50.e5 Bd4
51.Bc4 Bc3 52.e6 Bb4 53.Kc6 Ba3 54.Kb5 Bb4 55.Ka4 Bc3  1/2-1/2

[Event "Quebec op"]
[Site "Quebec"]
[Date "1984.??.??"]
[Round "?"]
[White "Rohde, Michael A"]
[Black "Ljubojevic, Ljubomir"]
[Result "1/2-1/2"]
[WhiteElo "2440"]
[BlackElo "2635"]

1.g3 e5 2.Bg2 d5 3.c4 Nf6 4.cxd5 Nxd5 5.Nc3 Nb6 6.Nf3 Nc6 7.O-O Be7 8.d3 O-O
9.Be3 Bg4 10.a4 a5 11.h3 Be6 12.d4 exd4 13.Nxd4 Nxd4 14.Qxd4 Nc4 15.Bxb7 Rb8
16.Bd5 Nxe3 17.Qxe3 Bxh3 18.Rfd1 Qe8 19.Rd4 c6 20.Re4 cxd5 21.Rxe7 Qc6 22.Nb5 d4
23.Qe4 Qf6 24.Rd1 d3 25.exd3 Be6 26.Ra7 Rfd8 27.Rxa5 Qxb2 28.d4 Bd5 29.Qf4 Qb3
30.Rc1 Qb4 31.Ra7 Re8 32.Rd7 Be6  1/2-1/2

[Event "World op"]
[Site "Philadelphia"]
[Date "1985.??.??"]
[Round "?"]
[White "Dlugy, Maxim"]
[Black "Rohde, Michael A"]
[Result "1-0"]
[WhiteElo "2485"]
[BlackElo "2400"]

1.d4 Nf6 2.c4 g6 3.Nc3 Bg7 4.e4 d6 5.f3 O-O 6.Be3 Nbd7 7.Qd2 c5 8.d5 Ne5
9.Bg5 Nh5 10.g4 Nf6 11.h3 a6 12.f4 Ned7 13.Nf3 b5 14.cxb5 Nb6 15.a4 axb5
16.Bxb5 Ba6 17.O-O Ne8 18.e5 Bxb5 19.axb5 Rxa1 20.Rxa1 Nc7 21.Re1 f6 22.exf6 exf6
23.Bh4 Qa8 24.f5 Ncxd5 25.Ne4 Nc4 26.Qd3 Nce3 27.Nxd6 Rd8 28.Bg3 Bf8 29.Nc4 Nxc4
30.Qxc4 Kg7 31.fxg6 hxg6 32.g5 Bd6 33.gxf6+ Nxf6 34.Bxd6 Qxf3 35.Re7+ Kh8
36.Qf4 Qd1+ 37.Kf2 Ne4+ 38.Rxe4 Qxd6 39.Qxd6 Rxd6 40.b4 c4 41.Rxc4 Rb6 42.Rc5 Kg7
43.Ke3 Kf7 44.Kd4 Rf6 45.Re5  1-0

[Event "New York op"]
[Site "New York"]
[Date "1986.??.??"]
[Round "?"]
[White "Rohde, Michael A"]
[Black "Spraggett, Kevin"]
[Result "1-0"]
[WhiteElo "2445"]
[BlackElo "2535"]

1.e4 e6 2.d4 d5 3.e5 c5 4.c3 Nc6 5.Nf3 Nge7 6.Na3 cxd4 7.cxd4 Nf5 8.Nc2 Qb6
9.Bd3 Bb4+ 10.Kf1 Be7 11.h4 Bd7 12.g4 Nh6 13.Rg1 Ng8 14.Rb1 a5 15.Qe2 Nb4
16.Nxb4 axb4 17.a3 Nh6 18.axb4 Bxb4 19.Be3 Ng8 20.h5 h6 21.Kg2 Ne7 22.Ra1 Rd8
23.g5 Nf5 24.gxh6 gxh6 25.Kh1 Be7 26.Bd2 Rc8 27.b4 Qd8 28.Rg4 Qb6 29.b5 Rf8
30.Rgg1 Qc7 31.Ba5 b6 32.Bd2 Qb7 33.Rg2 Rc4 34.Rag1 Nxd4 35.Nxd4 Rxd4 36.Bxh6 Rh4+
37.Rh2 d4+ 38.Rg2 Rg8 39.Be4 Rxh2+ 40.Kxh2 Rxg2+ 41.Kxg2 Qc7 42.Bf4 Bf8 43.h6 Bxh6
44.Bxh6 Qxe5 45.Qg4 Ke7 46.Bg5+ Ke8 47.Bh4  1-0

[Event "New York op"]
[Site "New York"]
[Date "1986.??.??"]
[Round "?"]
[White "Sosonko, Gennadi"]
[Black "Rohde, Michael A"]
[Result "1-0"]
[WhiteElo "2525"]
[BlackElo "2445"]

1.d4 Nf6 2.c4 g6 3.Nc3 d5 4.Nf3 Bg7 5.Qb3 dxc4 6.Qxc4 O-O 7.e4 Na6 8.Be2 c5
9.d5 e6 10.Bg5 Qb6 11.O-O exd5 12.exd5 Re8 13.Qh4 Nb4 14.Bb5 Rd8 15.Bc4 Bf5
16.Rad1 a6 17.d6 Rxd6 18.Bxf7+ Kxf7 19.Ne5+ Kg8 20.Nc4 Rxd1 21.Nxb6 Rxf1+
22.Kxf1 Bd3+ 23.Kg1 Re8 24.Bd2 Re6 25.Nbd5 Nc6 26.Nf4 g5 27.Qxg5 Re5 28.Qg3 Bf5
29.h3 Nd4 30.Be3  1-0

[Event "Beersheba"]
[Site "Beersheba"]
[Date "1987.??.??"]
[Round "?"]
[White "Rohde, Michael A"]
[Black "Shvidler, Eliahu"]
[Result "1-0"]
[WhiteElo "2530"]
[BlackElo "2450"]

1.e4 e5 2.Nf3 Nc6 3.Bb5 a6 4.Ba4 Nf6 5.O-O Be7 6.Re1 b5 7.Bb3 d6 8.c3 O-O
9.a4 Bg4 10.h3 Bxf3 11.Qxf3 Na5 12.Ba2 b4 13.cxb4 Nc6 14.Qc3 Qd7 15.Bd5 Nxd5
16.exd5 Nd4 17.d3 c5 18.bxc5 dxc5 19.Be3 Qxd5 20.Nd2 Rab8 21.Bxd4 cxd4 22.Qc4 Qa5
23.Qc2 f6 24.Rec1 f5 25.Qc4+ Rf7 26.Nf3 Bf6 27.Qe6 e4 28.dxe4 fxe4 29.Nxd4 Rf8
30.Nf5 Bg5 31.Nd6 Bxc1 32.Rxc1 Qb6 33.Rc2 g6 34.Qd5 Qd8 35.Rd2 Kg7 36.Nxf7 Qxd5
37.Rxd5 Rxf7 38.Re5 Rb7 39.Rxe4 Rxb2 40.Re6 a5 41.Re5 h5 42.Rxa5 Ra2 43.g3 Kh6
44.Kg2 Ra3 45.Ra8 Kg7 46.Ra7+ Kf6 47.a5 g5 48.a6 Kg6 49.Ra8 Kh7 50.a7 g4
51.hxg4 hxg4 52.Kf1 Ra4 53.Ke2 Re4+ 54.Kd3 Ra4 55.Kc3 Ra2 56.Kd3 Ra4 57.Ke3 Ra2
58.Rf8 Rxa7 59.Kf4 Kg7 60.Rf5 Ra4+ 61.Kg5  1-0

[Event "Beersheba"]
[Site "Beersheba"]
[Date "1987.??.??"]
[Round "?"]
[White "Greenfeld, Alon"]
[Black "Rohde, Michael A"]
[Result "1-0"]
[WhiteElo "2515"]
[BlackElo "2530"]

1.Nf3 Nf6 2.c4 d6 3.g3 e5 4.Bg2 c6 5.O-O Bg4 6.Nc3 Nbd7 7.d3 Be7 8.h3 Bh5
9.Nh4 Bg6 10.b4 a6 11.a4 O-O 12.Be3 a5 13.b5 Qc7 14.g4 Rfc8 15.f4 exf4 16.Bxf4 Ne8
17.Nxg6 hxg6 18.g5 Nc5 19.h4 Ne6 20.e3 Bd8 21.Be4 Qe7 22.Rb1 Nxf4 23.exf4 d5
24.Bg2 dxc4 25.bxc6 bxc6 26.Re1 Qa7+ 27.Kh1 Nd6 28.dxc4 Nf5 29.Re8+ Kh7 30.Be4 Ng3+
31.Kg2 Nxe4 32.Nxe4 Be7 33.Rxc8 Rxc8 34.h5 Bb4 35.hxg6+ fxg6 36.Qb3 Qd7 37.c5 Qd5
38.Qh3+ Kg8 39.Qxc8+ Kf7 40.Qc7+ Kg8 41.Qe5  1-0

[Event "Beersheba"]
[Site "Beersheba"]
[Date "1987.??.??"]
[Round "?"]
[White "Rohde, Michael A"]
[Black "Kuijf, Marinus"]
[Result "1-0"]
[WhiteElo "2530"]
[BlackElo "2470"]

1.e4 c5 2.Nf3 Nc6 3.d4 cxd4 4.Nxd4 Qb6 5.Nb3 Nf6 6.Nc3 e6 7.Bd3 a6 8.O-O Be7
9.a4 Qc7 10.a5 Nb4 11.Be3 d5 12.Bb6 Qb8 13.Nc5 O-O 14.Re1 Bd6 15.h3 Bc7 16.Ra4 Nxd3
17.Qxd3 Bxb6 18.axb6 Nd7 19.Nxd7 Bxd7 20.Rd4 Qd6 21.exd5 Qxb6 22.Ne4 exd5
23.Rxd5 Bb5 24.c4 Ba4 25.Qc3 Rad8 26.Nd6 Rd7 27.Re3 Bc6 28.Nf5 f6 29.Rxd7 Bxd7
30.c5 Qd8 31.Qc4+ Kh8 32.Nd6  1-0